• 首页
  • 本馆介绍
  • 公告通知
  • 最新文献
  • 馆藏检索
  • 电子资源
  • 读者导购
  • 参考咨询
  • 我的图书馆
  • 登录
  • 详细信息显示
  • 放入我的书架
  • 预约/预借图书
  • 作者相关作品
  • 分类相关作品
  • 丛书相关作品
  • 出版社相关作品

书目信息

  • 表格格式
  • 工作单格式
  • 卡片格式
题名:
广告视觉设计基础
    
 
作者: 罗萍 编著 ;上海市住宅发展局 编
分册:  
出版信息: 上海   东方出版中心  2000
页数: 306页
开本: 29cm
丛书名:
单 册:
中图分类: TU241-64 , J524.3
科图分类:
主题词: 住宅--建筑设计--上海市--图集 , 住宅 , 建筑设计 , 工艺美术--中国
电子资源:
ISBN: 7-80627-584-3
000 01083nam0 2200289 450
001 1560289825
005 20170927154748.57
010    @a7-80627-584-3@dCNY19.00
100    @a20001107d2000 em y0chiy0110 ea
101 0  @achi
102    @aCN@b310000
105    @aa z 000yy
200 1  @a广告视觉设计基础@Aguang gao shi jue she ji ji chu@9shang hai you xiu zhu zhai@f罗萍编著@Fluo ping bian zhu
210    @a上海@c东方出版中心@d2000
215    @a306页@d29cm
330    @a本书分上海市优秀住宅金奖、优秀经济适用住房、住宅小区优秀设计奖、优秀房型奖、住宅优秀质量奖、住宅新技术奖六部分收录了首届上海市优秀住宅评选的获奖作品。
517 1  @a首届上海市优秀住宅评选获奖作品集@9shou jie shang hai shi you xiu zhu zhai ping xuan huo jiang zuo pin ji
606 0  @a住宅@x建筑设计@y上海市@j图集
606 0  @a住宅
606 0  @a建筑设计
606 0  @a工艺美术@x中国
690    @aTU241-64@v5
690    @aJ524.3@v4
701  0 @a罗萍@Aluo ping@4编著
711 02 @a上海市住宅发展局@9shang hai shi zhu zhai fa zhan ju@4编
801  0 @aCN@bTSSF@c20150209
905    @aZUCC@dJ524.3@eJY2
    
    广告视觉设计基础/罗萍编著.-上海:东方出版中心,2000
    306页;29cm
    
    
    ISBN 7-80627-584-3:CNY19.00
    本书分上海市优秀住宅金奖、优秀经济适用住房、住宅小区优秀设计奖、优秀房型奖、住宅优秀质量奖、住宅新技术奖六部分收录了首届上海市优秀住宅评选的获奖作品。
●
相关链接 在E读中查询图书 在五车中查询图书 在当当中查询图书 在豆瓣中查询图书


正题名:广告视觉设计基础     索取号:J524.3/JY2         预约/预借

序号 登录号 条形码 馆藏地/架位号 状态 备注
1 7862016   278620164   学院路分馆/ [索取号:J524.3/JY2] 在馆    
2 7862017   278620173   学院路分馆/ [索取号:J524.3/JY2] 在馆    
3 7862018   278620182   学院路分馆/ [索取号:J524.3/JY2] 在馆    
唐山师范学院图书馆 欢迎您!
大连网信软件有限公司© 版权所有